Success in Academic Surgery: Basic Science

This comprehensive book teaches the theories and concepts behind leadership and explains the skills and traits needed to become a good leader. The authors discuss practical management skills, including conflict resolution techniques, how to manage difficult personalities and how to effectively manag...

Full description

Bibliographic Details
Corporate Author: SpringerLink (Online service)
Other Authors: Kibbe, Melina R. (Editor), LeMaire, Scott A. (Editor)
Format: Electronic eBook
Language:English
Published: London : Springer London : Imprint: Springer, 2014.
Series:Success in Academic Surgery,
Subjects:
Online Access:Full Text via HEAL-Link
LEADER 02231nam a22004695i 4500
001 978-1-4471-4736-7
003 DE-He213
005 20151204175620.0
007 cr nn 008mamaa
008 130902s2014 xxk| s |||| 0|eng d
020 |a 9781447147367  |9 978-1-4471-4736-7 
024 7 |a 10.1007/978-1-4471-4736-7  |2 doi 
040 |d GrThAP 
050 4 |a R1 
072 7 |a MB  |2 bicssc 
072 7 |a MED000000  |2 bisacsh 
082 0 4 |a 610  |2 23 
245 1 0 |a Success in Academic Surgery: Basic Science  |h [electronic resource] /  |c edited by Melina R. Kibbe, Scott A. LeMaire. 
264 1 |a London :  |b Springer London :  |b Imprint: Springer,  |c 2014. 
300 |a X, 242 p. 28 illus., 20 illus. in color.  |b online resource. 
336 |a text  |b txt  |2 rdacontent 
337 |a computer  |b c  |2 rdamedia 
338 |a online resource  |b cr  |2 rdacarrier 
347 |a text file  |b PDF  |2 rda 
490 1 |a Success in Academic Surgery,  |x 2194-7481 
520 |a This comprehensive book teaches the theories and concepts behind leadership and explains the skills and traits needed to become a good leader. The authors discuss practical management skills, including conflict resolution techniques, how to manage difficult personalities and how to effectively manage up. The readers will learn to build and motivate a team, understand personality types and how to manage to their strengths. Success in Academic Surgery: Leadership in surgery is a highly useful book to anyone in the surgical field, providing clear examples and useful tips for what to do in the role of a surgical leader from current leaders in surgery. 
650 0 |a Medicine. 
650 0 |a Surgery. 
650 0 |a Medical education. 
650 1 4 |a Medicine & Public Health. 
650 2 4 |a Medicine/Public Health, general. 
650 2 4 |a Surgery. 
650 2 4 |a Medical Education. 
700 1 |a Kibbe, Melina R.  |e editor. 
700 1 |a LeMaire, Scott A.  |e editor. 
710 2 |a SpringerLink (Online service) 
773 0 |t Springer eBooks 
776 0 8 |i Printed edition:  |z 9781447147350 
830 0 |a Success in Academic Surgery,  |x 2194-7481 
856 4 0 |u http://dx.doi.org/10.1007/978-1-4471-4736-7  |z Full Text via HEAL-Link 
912 |a ZDB-2-SME 
950 |a Medicine (Springer-11650)